Vista normal
Vista MARC
Entrada Meeting Name
Número de registros utilizados en: 1
001 - CONTROL NUMBER
- control field: 39556
003 - CONTROL NUMBER IDENTIFIER
- control field: OSt
005 - DATE AND TIME OF LATEST TRANSACTION
- control field: 20210823155953.0
008 - FIXED-LENGTH DATA ELEMENTS
- fixed length control field: 210823|| aca||aabn | a|a d
040 ## - CATALOGING SOURCE
- Original cataloging agency: OSt
- Transcribing agency: OSt
111 ## - HEADING--MEETING NAME
- Meeting name or jurisdiction name as entry element: Foro Económico Nacional. Foro Regional de Medellín
- Date of meeting or treaty signing: (7 y 21 septiembre 1982 :
- Location of meeting: Medellín, Bogotá)
670 ## - SOURCE DATA FOUND
- Source citation: Work cat.: (OSt)8372: 17079, Déficit fiscal en Colombia / , 1982